MDQL
is popping MORE tags! Check the
thread
!
Quizzes
Events
Quiz Creation
Community
Videos
Private Events
Remove Ads
Sign In
Join for FREE
Feedback
Dark Mode
Quiz Categories
Sports
Geography
Music
Movies
Television
Just For Fun
Miscellaneous
History
Literature
Language
Science
Gaming
Entertainment
Religion
Holiday
For Kids
Quiz Lab
Recent
Popular Today
Quiz Kudos Today
Editor Picks
Curator Picks
Quizzes by...
Day
Popularity
Type
Ratings
Length
Year
Community
Subscriptions
Recent Discussions
Orange Saloon
Badges
Playlists
Quests
Create
Leaderboards
Showdown
Live 5
Trivia Bingo
Activity
Puzzle Library
Sporcle Events
Private Events
Virtual Trivia
Globe League
Become a Host
Pub Owners
SporcleCon
Opinionation
Our Games
Videos
Blog
Mobile Apps
Partnerships
Remove Ads and Go Orange
Feedback
Sports
Athletes
MLB
NBA
NHL
NFL
Soccer
Sports Teams
WWE
NCAA
Football
Premier League
Basketball
Baseball
Hockey
Golf
Tennis
Cricket
Rugby
Auto Racing
Olympics
World Cup
Sports
Athletes
MLB
NBA
NHL
NFL
Soccer
Sports Teams
WWE
NCAA
Football
Premier League
Basketball
Baseball
Hockey
Golf
Tennis
Cricket
Rugby
Auto Racing
Olympics
World Cup
Random Quiz
Search Sporcle
×
Quiz Lab
Quiz Lab
Sports
World
Type in answers that appear in a list
Type in answers that appear in a list
Classic
Best Score? Go Orange.
Home Runs in World Series Stats
Can you name the Players Who Have Hit a HR in A World Series Game Since 2000?
By
adamchappelle
10m
68 Questions
128 Plays
128 Plays
128 Plays
Comments
Comments
Give Quiz Kudos
Give Quiz Kudos
-
- Ratings
hide this ad
Replay
Link that replays current quiz
Next Quiz
Link to next quiz in quiz playlist
You Got
0%
They Got
Avg Score
51%
Avg Friend Score
Upgrade to see
Score Distribution
Jump to the score distribution portion of the page
Score
0/68
Timer
10:00
0
Plays Today
Team
Player
% Correct
Philadelphia Phillies
Chase Utley
96.9%
Philadelphia Phillies
Ryan Howard
95.3%
NY Yankees
Alex Rodriguez
93%
NY Yankees
Derek Jeter
90.6%
St Louis Cardinals
Albert Pujols
86.7%
Boston Red Sox
David Ortiz
85.9%
Boston Red Sox
Manny Ramirez
85.2%
SF Giants
Barry Bonds
85.2%
Philadelphia Phillies
Jayson Werth
84.4%
Florida Marlins
Alex Gonzalez
79.7%
Arizona Diamondbacks
Luis Gonzalez
79.7%
NY Yankees
Hideki Matsui
78.1%
NY Yankees
Jorge Posada
77.3%
Philadelphia Phillies
Raul Ibanez
75%
NY Yankees
Bernie Williams
74.2%
Arizona Diamondbacks
Matt Williams
74.2%
Florida Marlins
Miguel Cabrera
73.4%
Chicago White Sox
Jermaine Dye
72.7%
Chicago White Sox
Paul Konerko
72.7%
NY Yankees
Mark Teixeira
71.1%
SF Giants
Jeff Kent
67.2%
Tampa Bay Rays
Carl Crawford
65.6%
Boston Red Sox
Johnny Damon
65.6%
Philadelphia Phillies
Carlos Ruiz
64.8%
Colorado Rockies
Matt Holliday
64.8%
Boston Red Sox
Mike Lowell
64.8%
NY Yankees
Tino Martinez
64.8%
Anaheim Angels
Troy Glaus
64.1%
NY Mets
Mike Piazza
63.3%
NY Yankees
Scott Brosius
60.9%
Boston Red Sox
Dustin Pedroia
59.4%
Anaheim Angels
Tim Salmon
59.4%
NY Yankees
Nick Swisher
56.3%
Philadelphia Phillies
Pedro Feliz
53.1%
Team
Player
% Correct
NY Yankees
Jason Giambi
53.1%
St Louis Cardinals
Scott Rolen
51.6%
SF Giants
David Bell
47.7%
NY Yankees
Alfonso Soriano
46.1%
Houston Astros
Morgan Ensberg
41.4%
Chicago White Sox
Joe Crede
39.8%
Chicago White Sox
Scott Podsednik
39.8%
St Louis Cardinals
Larry Walker
39.8%
Anaheim Angels
Darin Erstad
38.3%
Arizona Diamondbacks
Steve Finley
38.3%
NY Mets
Robin Ventura
38.3%
SF Giants
Rich Aurilia
35.9%
Arizona Diamondbacks
Mark Grace
35.9%
SF Giants
JT Snow
35.2%
Anaheim Angels
Scott Spiezio
34.4%
SF Giants
Reggie Sanders
33.6%
Colorado Rockies
Brad Hawpe
32.8%
Colorado Rockies
Garrett Atkins
31.3%
NY Yankees
Aaron Boone
30.5%
Boston Red Sox
Mark Bellhorn
29.7%
Chicago White Sox
Geoff Blum
25.8%
Arizona Diamondbacks
Craig Counsell
25%
Detroit Tigers
Sean Casey
23.4%
Tampa Bay Rays
Rocco Baldelli
22.7%
NY Yankees
Shane Spencer
21.9%
NY Mets
Jay Payton
21.1%
Tampa Bay Rays
Eric Hinske
18%
Detroit Tigers
Craig Monroe
16.4%
Philadelphia Phillies
Eric Bruntlett
14.1%
Houston Astros
Mike Lamb
14.1%
Houston Astros
Jason Lane
14.1%
SF Giants
Shawon Dunston
11.7%
Arizona Diamondbacks
Rod Barajas
11.7%
Boston Red Sox
Bobby Kielty
7%
Quiz Playlist
Details
Report
Send in Message
Add To Playlist
Classic:
Type in answers that appear in a list
Quiz Source
Last Updated: Feb 16, 2017
Quiz Scoreboard
CHALLENGE
Sign Up to Join the Scoreboard
Show All
Scores
Hide
Comments
May contain spoilers
Recently Published
5x2 Blitz: Bands
by SL_Kpop136
Music
30s
Colored Red Africa Blitz
by spor1
Geography
30s
Find the 'City' Movie
by crazypaving
Movies
60s
More to Explore
Quiz From the Vault
Featured Blog Post
14 Easter Pick-up Lines to Find Eggs With
hide this ad
You Might Also Like...
Tags
Baseball Quiz
World Quiz
2000
hit
home
Opposing
Pitchers
Player
run
team
Today's Top Quizzes in Sports
Browse Sports
hide this ad
Today's Top Quizzes in World
Browse World
Top Contributed Quizzes in Sports
1
Players with Multiple 50 Home Run Seasons
2
Who Needs Fielders?
3
Criteria MLB: Left Handed Sluggers
4
MLB Players with Two .350 Batting Average Seasons
5
Who Hit More Homers?
6
2020 F1 Drivers Logic Puzzle
7
NBA Teammate Connections
8
Premier League Clubs since 2000 (minefield)
9
MLB Teams by First Game
10
Top 10 NHL Goal Scorers of All Time
Explore More
Trending Topics
Crossword
Harry Potter
NBA
Kpop
Marvel
Anime
Disney
The Office
Pokémon
Soccer
NFL
WWE
Song
Puzzle
Country
hide this ad
More By:
adamchappelle
Quiz
Plays
Rating
Category
Featured
Created
Colleges With a President and Super Bowl QB
2,174
4.00
History
May 24, 2011
NFL Passing TD's All-Time Top 100
815
4.27
Sports
Sep 22, 2011
NFL All-Time Top 100 Receiving Yards
794
3.50
Sports
Sep 24, 2011
BCS Teams Without A State In Their Name
593
3.13
Sports
Jun 15, 2010
Non-Stop Flights From Chicago O'Hare
571
5.00
Just For Fun
Jan 2, 2010
Go to Creator's Profile
Score Distribution
Quiz Creator Spotlight
adamchappelle
Follow
Send a Message
Quizzes Created
-
Created Quiz Play Count
-
More By This Creator
Popular Quizzes Today
1
Find the 'City' Movie
2
5x2 Blitz: Bands
3
Colored Red Africa Blitz
4
The Countries of the World
5
Find the US States - No Outlines Minefield
6
Find the US States
7
9x9 Crossword: Cartoon Network
8
US States
More Sports Quizzes
Unusual Sports Terminology
Editor's Pick
Trending Quizzes
Colored Red Africa Blitz II
Colored Red Europe Blitz I
Colored Red Africa Blitz III
Colored Red Europe Blitz II
Colored Red Europe Blitz III
Recently Updated
Champions League XIs: Real Madrid
pecheneg
Largest US Cities 1790-2010
pecheneg
Rides in Walt Disney World
pecheneg
Most Oscar Losses (Acting)
pecheneg
Beyoncé Albums
pecheneg
Leaping Animals
pecheneg
Reality TV Shows (A-Z)
bhenderson79
Rickey Henderson's Hall of Fame Teammates
pecheneg
Champions League XIs: Arsenal
pecheneg
Quick Pick: Celebrities in WWE's Hall of Fame
aduchscher
Trending Topics
Marvel
Kpop
Harry Potter
Disney
Crossword
NBA
Anime
Puzzle
Country
Song
Pokémon
NFL
The Office
WWE
Soccer
Your Account Isn't Verified!
In order to create a playlist on Sporcle, you need to verify the email address you used during registration. Go to your
Sporcle Settings
to finish the process.
Report this User
Report this user for behavior that violates our
Community Guidelines
.
Details:
Send Report
Go to the Sporcle.com Mobile Site →
Comments